|
|
|
|
| LEADER |
00000nam0a2200000 4500 |
| 001 |
150431 |
| 005 |
20231101221501.0 |
| 010 |
|
|
|a 9785390003374
|
| 035 |
|
|
|a (RuTPU)RU\TPU\book\163094
|
| 035 |
|
|
|a RU\TPU\book\112164
|
| 090 |
|
|
|a 150431
|
| 100 |
|
|
|a 20061025d2009 m y0rusy50 ca
|
| 101 |
0 |
|
|a rus
|
| 102 |
|
|
|a RU
|
| 105 |
|
|
|a y j 001zy
|
| 200 |
1 |
|
|a Маркетинг: основы и маркетинг информации
|e учебник для вузов
|f В. Н. Еремин
|
| 210 |
|
|
|a Москва
|c КноРус
|d 2009
|
| 215 |
|
|
|a 656 с.
|
| 320 |
|
|
|a Библиогр.: с. 636-647.
|
| 330 |
|
|
|a В систематизированном виде излагаются основы традиционного маркетинга и особенности маркетинга информации на базе отечественных и зарубежных источников, авторских разработок теоретического и прикладного характера. Для студентов, обучающихся по специальности «Прикладная информатика в экономике», аспирантов, преподавателей высших учебных заведений, научных и практических работников, занимающихся вопросами функционирования информационного рынка.
|
| 451 |
|
1 |
|0 (RuTPU)RU\TPU\book\112164
|y 5-85971-313-4
|t Маркетинг: основы и маркетинг информации
|o учебник для вузов
|f В. Н. Еремин
|c М.
|n КноРус
|d 2009
|p 656 с.
|a Еремин, Виктор Николаевич
|
| 606 |
1 |
|
|a Маркетинг
|2 stltpush
|3 (RuTPU)RU\TPU\subj\41036
|9 60857
|
| 610 |
1 |
|
|a экономика
|
| 610 |
1 |
|
|a информация
|
| 610 |
1 |
|
|a целевые рынки
|
| 610 |
1 |
|
|a маркетинговая информация
|
| 610 |
1 |
|
|a маркетинговая среда
|
| 610 |
1 |
|
|a маркетинговые исследования
|
| 610 |
1 |
|
|a товары
|
| 610 |
1 |
|
|a жизненный цикл
|
| 610 |
1 |
|
|a товарные знаки
|
| 610 |
1 |
|
|a конкурентоспособность
|
| 610 |
1 |
|
|a потребители
|
| 610 |
1 |
|
|a внутренняя среда
|
| 610 |
1 |
|
|a информационная инфраструктура
|
| 610 |
1 |
|
|a маркетинг-микс
|
| 610 |
1 |
|
|a товарная политика
|
| 610 |
1 |
|
|a ценовая политика
|
| 610 |
1 |
|
|a сбыт
|
| 610 |
1 |
|
|a интеллектуальные продукты
|
| 610 |
1 |
|
|a информационные технологии
|
| 610 |
1 |
|
|a инфомаркетинг
|
| 610 |
1 |
|
|a Интернет
|
| 610 |
1 |
|
|a Интернет в маркетинге
|
| 610 |
1 |
|
|a электронная коммерция
|
| 610 |
1 |
|
|a учебники
|
| 686 |
|
|
|a У9(2)212.4я73
|v LBC/SL-A
|2 rubbk
|
| 700 |
|
1 |
|a Еремин
|b В. Н.
|g Виктор Николаевич
|
| 801 |
|
1 |
|a RU
|b 63413507
|c 20090112
|g PSBO
|
| 801 |
|
2 |
|a RU
|b 63413507
|c 20121001
|g PSBO
|
| 900 |
|
|
|a Маркетинг
|
| 900 |
|
|
|a Управление маркетинговой деятельностью предприятия
|
| 900 |
|
|
|a Управление маркетингом
|
| 900 |
|
|
|a Информационные технологии в маркетинге
|
| 942 |
|
|
|c BK
|
| 951 |
|
|
|b 080800
|b 080801
|
| 959 |
|
|
|a 3/20090111
|d 1
|e 150,00
|f ЧЗГЛ:1
|